| 000 | 00349nam a2200133Ia 4500 | ||
|---|---|---|---|
| 008 | 240624s9999 xx 000 0 und d | ||
| 041 | _aeng | ||
| 082 | _a658.4062 DOD | ||
| 100 | _aDODGSON MARK | ||
| 245 | _aMANAGEMENT OF TECHNOLOGICAL INNOVATION | ||
| 260 |
_c2012 _aNew Delhi _bOxford |
||
| 300 | _axxvii, : 373 : p. : cm. ; 26 | ||
| 365 |
_cRS _b31 |
||
| 999 |
_c24799 _d24799 |
||